|
|
|
|
| LEADER |
00000cam a2200000 7i4500 |
| 001 |
0000000573 |
| 005 |
20000909.0 |
| 090 |
0 |
0 |
|a 354.595006
|b MAL1992
|
| 110 |
1 |
0 |
|a MALAYSIA
|c Ketua Setiausaha Negara
|
| 245 |
1 |
0 |
|a Improvements and development in the public service 1991
|
| 260 |
0 |
0 |
|a [Kuala Lumpur :
|b Percetakan Nasional Malaysia ,
|c 1992]
|
| 300 |
|
|
|a ix, 421 p. :
|b ill., col. plates ;
|c 24 cm.
|
| 650 |
0 |
0 |
|a Administrative agencies
|z Malaysia
|x Management
|
| 650 |
0 |
0 |
|a Civil service
|z Malaysia
|
| 650 |
0 |
0 |
|a Malaysia
|x Politics and government
|
| 650 |
0 |
0 |
|a Public administration
|z Malaysia
|
| 700 |
0 |
1 |
|a AHMAD Sarji bin Abdul Hamid
|f Tan Sri Dato' Seri ,
|c 1938-
|
| 999 |
|
|
|a 0000001694
|b Monograph
|c Open Shelf
|e Default branch
|